[Event "Benidorm New Generation U08 10th"]
[Site "Benidorm"]
[Date "2014.12.08"]
[Round "7.2"]
[White "Garijo Perez, Hugo"]
[Black "Sanmartin Hernandez, Joan"]
[Result "1-0"]
[WhiteElo "1237"]
[BlackElo "1283"]
[PlyCount "91"]
[EventDate "2014.12.05"]
[EventType "swiss"]
[EventRounds "7"]
[EventCountry "ESP"]
[SourceTitle "EXT 2024"]
[Source "ChessBase"]
[SourceDate "2023.10.10"]
[SourceVersion "1"]
[SourceVersionDate "2023.10.10"]
[SourceQuality "1"]

1. e4 d6 2. d4 Nf6 3. Nc3 Nbd7 4. f4 e5 5. Nf3 exd4 6. Qxd4 Qe7 7. Bd3 g6 8. Be3 Bg7 9. Qa4 0-0 10. Bd4 Nb6 11. Bxb6 cxb6 12. 0-0 Bd7 13. Qb3 Bc6 14. Rae1 Qc7 15. Nd2 Nd7 16. Qb4 a5 17. Nb5 Bxb5 18. Qxb5 Qc6 19. Qxc6 bxc6 20. c3 Rae8 21. Nc4 d5 22. exd5 cxd5 23. Rxe8 Rxe8 24. Nd2 Nc5 25. Bb5 Re7 26. Nf3 Re3 27. Re1 Rxe1+ 28. Nxe1 Kf8 29. g3 Ke7 30. Kf2 Ke6 31. Ke3 h6 32. Nf3 Kf5 33. h3 Ke6 34. Nd4+ Bxd4+ 35. cxd4 Kf5 36. g4+ Ke6 37. dxc5 bxc5 38. Ba6 f5 39. Bc8+ Kf6 40. gxf5 gxf5 41. Bb7 Ke6 42. Kd3 a4 43. Bc6 c4+ 44. Kd4 a3 45. bxa3 Kd6 46. Bxd5 1-0